MARC

LEADER 00000nam0a2200000 4500
001 293978
005 20231102000639.0
020 |a RU  |b 84-29509 
035 |a (RuTPU)RU\TPU\book\319028 
090 |a 293978 
100 |a 20150507d1984 k y0rusy5003 ca 
101 0 |a rus 
102 |a RU 
105 |a a z 000zy 
200 1 |a Технологическая дозиметрия. Выбор, обоснование и применение химических методов дозиметрии в РХТ  |f Г. З. Гочалиев 
210 |a Москва  |c Энергоатомиздат  |d 1984 
215 |a 49 с.  |c ил. 
225 1 |a Радиационно-химическая технология: РХТ  |v Вып. 17 
320 |a Библиогр.: с. 47-49 
606 |a Радиационно-химические процессы в химической технологии  |x Исследование  |2 stltpush  |3 (RuTPU)RU\TPU\subj\31776  |9 54539 
610 1 |a ионизирующие излучения 
610 1 |a дозиметрия 
610 1 |a применение 
610 1 |a химические методы 
610 1 |a выбор 
675 |a 66.085  |v 3 
700 1 |a Гочалиев  |b Г. З.  |g Гасан Зиядович 
801 0 |a RU  |b RuMRKP  |c 19950704  |g psbo 
801 1 |a RU  |b 63413507  |c 20150507 
801 2 |a RU  |b 63413507  |c 20171114  |g RCR 
942 |c BK